Juan Moreteau a través de su lente : instrumental científico y archivos desconocidos en las fronteras del Chubut (1896-1951) /
Salvato in:
| Altri autori: | , , , |
|---|---|
| Natura: | eBook |
| Lingua: | spagnolo |
| Pubblicazione: |
Ciudad Autónoma de Buenos Aires :
SB ; Puerto Madryn : Instituto Patagónico de Ciencias Sociales y Humanas, CONICET,
2022.
|
| Edizione: | Primera edición. |
| Soggetti: | |
| Accesso online: | https://elibro.unach.elogim.com/es/lc/unach/titulos/286393 |
| Tags: |
Aggiungi Tag
Nessun Tag, puoi essere il primo ad aggiungerne!!
|
MARC
| LEADER | 00000nam a2200000 i 4500 | ||
|---|---|---|---|
| 001 | ELB286393 | ||
| 003 | FINmELB | ||
| 005 | 20250909132030.5 | ||
| 006 | m o d | | ||
| 007 | cr cnu|||||||| | ||
| 008 | 250828s2022 ag o 000 0 spa d | ||
| 020 | |z 9789878918433 | ||
| 035 | |a (OCoLC)1538593430 | ||
| 040 | |a FINmELB |b spa |e rda |c FINmELB | ||
| 050 | 4 | |a F2881 |b .J836 2022 | |
| 080 | |a 94(82) | ||
| 082 | 0 | 4 | |a 982.74 |2 23 |
| 245 | 0 | 0 | |a Juan Moreteau a través de su lente : |b instrumental científico y archivos desconocidos en las fronteras del Chubut (1896-1951) / |c Julio Esteban Vezub, Sebastián Pérez Parry (editores) ; Matías Chávez [y otros seis] ; fotografías de Darío Podestá. |
| 250 | |a Primera edición. | ||
| 264 | 1 | |a Ciudad Autónoma de Buenos Aires : |b SB ; Puerto Madryn : |b Instituto Patagónico de Ciencias Sociales y Humanas, CONICET, |c 2022. | |
| 300 | |a 1 recurso en línea | ||
| 336 | |a texto |b txt |2 rdacontent/spa | ||
| 337 | |a computadora |b c |2 rdamedia/spa | ||
| 338 | |a recurso en línea |b cr |2 rdacarrier/spa | ||
| 588 | |a Descripción basada en metadatos suministrados por el editor y otras fuentes. | ||
| 590 | |a Recurso electrónico. Santa Fe, Arg.: elibro, 2025. Disponible vía World Wide Web. El acceso puede estar limitado para las bibliotecas afiliadas a elibro. | ||
| 651 | 4 | |a Argentina |x Historia. | |
| 655 | 4 | |a Libros electrónicos. | |
| 700 | 1 | |a Vezub, Julio Esteban, |e editor. | |
| 700 | 1 | |a Pérez Parry, Sebastián, |e editor. | |
| 700 | 1 | |a Chávez, Matías, |e autor. | |
| 700 | 1 | |a Podestá, Darío, |e fotógrafo. | |
| 797 | 2 | |a elibro, Corp. | |
| 856 | 4 | 0 | |u https://elibro.unach.elogim.com/es/lc/unach/titulos/286393 |